000
00213nam a2200109Ia 4500
100
_a
SADLER/JULIE.
942
_c
BK
245
_a
FAMILY MATTERS AROMATHEORPY.
260
_b
#N/A
546
_a
ENGLISH
999
_c
26794
_d
26794